[Event "Goch op 27th"]
[Site "Goch"]
[Date "2016.09.03"]
[Round "5"]
[White "Van Haaren, Laurens Jan"]
[Black "Plum, Gregor H"]
[Result "1/2-1/2"]
[WhiteElo "1472"]
[BlackElo "1621"]
[PlyCount "91"]
[EventDate "2016.09.01"]
[EventType "swiss"]
[EventRounds "7"]
[EventCountry "GER"]
[SourceTitle "EXT 2018"]
[Source "ChessBase"]
[SourceDate "2017.10.13"]
[SourceVersion "1"]
[SourceVersionDate "2017.10.13"]
[SourceQuality "1"]

1. c4 Nf6 2. Nc3 Nc6 3. b3 e5 4. e4 d6 5. g3 Nd4 6. Bg2 c6 7. Nge2 Bg4 8. 0-0 c5 9. d3 Qa5 10. Bd2 Qd8 11. f3 Bh5 12. Nxd4 cxd4 13. Ne2 Be7 14. f4 Bxe2 15. Qxe2 0-0 16. Qf3 b6 17. fxe5 dxe5 18. Bg5 Rc8 19. Rf2 Rc6 20. Raf1 Ne8 21. Bxe7 Qxe7 22. Rb1 Rf6 23. Qe2 Rxf2 24. Qxf2 Qg5 25. h4 Qf6 26. Qc2 Qc6 27. b4 Nf6 28. Bh3 Nh5 29. Kh2 Qg6 30. Rg1 Qd6 31. c5 Qc6 32. Rc1 b5 33. Ra1 g6 34. a4 a6 35. axb5 axb5 36. Ra7 Nf6 37. g4 Ra8 38. Rxa8+ Qxa8 39. c6 Ne8 40. Qc5 Qa2+ 41. Kg3 Qb3 42. Qxb5 Nc7 43. Qc4 Qc3 44. Kf2 Qd2+ 45. Kg1 Qe3+ 46. Kh2 1/2-1/2

[Event "Goch op 23rd"]
[Site "Goch"]
[Date "2012.08.31"]
[Round "3"]
[White "Maczkowiak, Thomas"]
[Black "Plum, Gregor H"]
[Result "1-0"]
[WhiteElo "1946"]
[BlackElo "1272"]
[PlyCount "85"]
[EventDate "2012.08.30"]
[EventType "swiss"]
[EventRounds "7"]
[EventCountry "GER"]
[SourceTitle "EXT 2015"]
[Source "ChessBase"]
[SourceDate "2014.11.20"]
[SourceVersion "1"]
[SourceVersionDate "2014.11.20"]
[SourceQuality "1"]

1. Nf3 Nf6 2. g3 d5 3. Bg2 c6 4. 0-0 Bf5 5. c4 e6 6. Qb3 Qc7 7. d4 b6 8. Bf4 Bd6 9. Bxd6 Qxd6 10. Nc3 Nbd7 11. Rac1 0-0 12. Nh4 Rab8 13. Nxf5 exf5 14. cxd5 c5 15. Nb5 Qe7 16. e3 cxd4 17. exd4 a6 18. Nc3 Qd6 19. Ne2 Rfe8 20. Nf4 Rbc8 21. Rc6 Rxc6 22. dxc6 Qxd4 23. cxd7 Nxd7 24. Rd1 Nc5 25. Rxd4 Nxb3 26. axb3 g5 27. Nd5 Re1+ 28. Bf1 b5 29. Nc7 Ra1 30. Kg2 Ra2 31. Rd2 Kg7 32. Bd3 Kf6 33. Kf3 h5 34. Nd5+ Ke5 35. Nc3 Ra1 36. Rd1 Rxd1 37. Nxd1 f4 38. gxf4+ gxf4 39. Nc3 f6 40. Ne2 f5 41. Nxf4 h4 42. Ng6+ Kf6 43. Nxh4 1-0

[Event "Goch op 22nd"]
[Site "Goch"]
[Date "2011.09.30"]
[Round "3"]
[White "Krebel, Andreas"]
[Black "Plum, Gregor H"]
[Result "1-0"]
[WhiteElo "1753"]
[BlackElo "1343"]
[PlyCount "69"]
[EventDate "2011.09.29"]
[EventType "swiss"]
[EventRounds "7"]
[EventCountry "GER"]
[SourceTitle "EXT 2014"]
[Source "ChessBase"]
[SourceDate "2013.11.20"]
[SourceVersion "1"]
[SourceVersionDate "2013.11.20"]
[SourceQuality "1"]

1. d4 d5 2. e3 Nf6 3. Bd3 Bg4 4. Nf3 e6 5. Nbd2 c5 6. c3 c4 7. Bc2 Nc6 8. h3 Bh5 9. 0-0 b5 10. Qe1 Be7 11. Nh2 Qd6 12. e4 dxe4 13. Nxe4 Nxe4 14. Bxe4 Rd8 15. f4 f5 16. Bc2 0-0 17. Nf3 Rde8 18. b3 cxb3 19. axb3 Qd7 20. Ra6 Bd8 21. Bd3 Nb8 22. Ne5 Qd5 23. Rxa7 Qxb3 24. Rb7 Ba5 25. Rxb5 Qa4 26. Rb7 Nc6 27. Bb5 Qa2 28. Bxc6 Bd8 29. Bxe8 Rxe8 30. Rf2 Qa6 31. Rfb2 Qd6 32. Rd7 Qa6 33. Rbb7 Bf6 34. Qg3 Qa1 35. Rxg7+ 1-0